XVIII Premis Prevenció d'Incendis forestals : 2014 2014
Publicado:
Barcelona :
Diputació de Barcelona. Oficina tècnica de Prevenció Municipal d'Incendis Forestels ,
2014
Descripción Física:
1 díptic ; il. col. ; 10 x 21 cm.
Idioma:
Catalán
MARC
| LEADER | 00000nam a22000007a 4500 | ||
|---|---|---|---|
| 001 | 27328 | ||
| 003 | Arxiu | ||
| 005 | 20260324181152.0 | ||
| 008 | 230131b spa||||| |||| 00| 0 cat d | ||
| 017 | |a B 23701-2014 | ||
| 040 | |a agdb |b cat | ||
| 041 | |a cat | ||
| 245 | |a XVIII Premis Prevenció d'Incendis forestals : |b 2014 | ||
| 260 | |a Barcelona : |b Diputació de Barcelona. Oficina tècnica de Prevenció Municipal d'Incendis Forestels ; |c 2014 | ||
| 300 | |a 1 díptic ; |b il. col. ; |c 10 x 21 cm. | ||
| 500 | |a Programa de l'acte de lliurament dels premis, dut a terme el dia 22 de novembre de 2014 a la Roca del Vallès. | ||
| 650 | 0 | |9 55415 |a Incendis forestals |x Prevenció i control |x Premis | |
| 710 | |a Barcelona (Catalunya : Província). |b Oficina Tècnica de Prevenció Municipal d'Incendis Forestals |9 9456 | ||
| 942 | |2 udc |c ARXIU |n 1 | ||
| 952 | |0 0 |1 0 |2 udc |4 0 |6 FU7448 |7 1 |9 65159 |a Arxiu |b Arxiu |d 2023-01-31 |l 0 |o FU-74-48 |p 27328 |r 2023-01-31 00:00:00 |w 2023-01-31 |y ARXIU | ||
| 999 | |c 83037 |d 83037 | ||